IPL Quiz - Statistics

General Stats
  • This quiz has been taken 848 times
  • The average score is 15 of 22
Answer Stats
Question Answer % Correct
When was the first edition of IPL played? (year) 2008
98%
Which team(s) have won the most IPLs? (name one) Chennai Super Kings / Mumbai Indians
88%
Who won the inaugural edition of the IPL? Rajasthan Royals
85%
Which team has most appearances in finals (10) and playoffs (12)? Chennai Super Kings
82%
Name one of the 2 new teams that were created in 2022 Lucknow Super Giants / Gujarat Titans
81%
Who is the leading run-scorer in IPL history? Virat Kohli
81%
Which team has the highest win percentage? Chennai Super Kings
80%
Which player scored the highest individual score of 175*(66)? Chris Gayle
79%
Which team is co-owned by Venkatesh Mysore, Juhi Chawla and Shahrukh Khan? Kolkata Knight Riders
78%
Who is the most successful captain in IPL history? MS Dhoni
78%
Which team's tagline is 'Ee Saala Cup Namde'? Royal Challengers Bangalore
77%
Name the team that has won the IPL but is now defunct Deccan Chargers
73%
What is the lowest score in IPL history? 49
67%
Which team did the above person coach? Chennai Super Kings
67%
What was the former name of PBKS (Punjab Kings)? Kings XI Punjab
64%
Who is the leading wicket taker in IPL history? Yuzvendra Chahal
57%
In which country was the 2009 edition of the IPL held? South Africa
55%
Who is the longest serving head coach of a team? Stephen Fleming
55%
What is the highest score in IPL history? 263
49%
Which new team was founded in 2013? Sunrisers Hyderabad
49%
Which player has the best bowling figures of 6-12? Alzarri Joseph
46%
What is the lowest defended score in IPL history? 116
27%
No matching quizzes found
Score Distribution
Percent of People with Each Score
Percentile by Number Answered
Your Score History
You have not taken this quiz